Départements français: Mort subite - Statistiques

Statistiques générales
  • Ce quiz a été pris 103 fois
  • Le résultat moyen est 16 sur 19
Answers on the Grid
Answers color-coded by a green-red scale on the quiz's grid according to % correct below.
Haute-Garonne
Moselle-et-Meurthe
Calvados
Doubs
Ardèche-du-Nord
Aude
Cantal
Landes-et-Gironde
Ain
Haute-Saône
Gironde
Ariège-et-Garonne
Drôme
Dordogne Nord
Creuse
Haut-Rhin
Bartège
Basses-Pyrénées
Corse-du-Sud
Loir-et-Cher
Corrèze-et-Creuse
Ardennes
Cher
Pas Cher
Maine-et-Loire
Côte-d'Or-et-Saône
Gard
Lot-et-Garonne
Gers-et-Landes
Aube
 
Statistiques - réponses
Réponse % Correct
Haute-Garonne
94%
Calvados
86%
Cantal
84%
Creuse
84%
Ain
83%
Aude
83%
Drôme
83%
Gard
83%
Haut-Rhin
83%
Lot-et-Garonne
83%
Cher
82%
Doubs
82%
Loir-et-Cher
82%
Maine-et-Loire
82%
Corse-du-Sud
81%
Ardennes
79%
Aube
79%
Gironde
79%
Haute-Saône
78%
Aucun quiz correspondant
Distribution des résultats
% des personnes avec chaque résultat
Percentile par nombre de réponses
Votre historique - résultats
Vous n’avez pas pris ce quiz